[Event "Berlin Lichtenberger op 9th"]
[Site "Berlin"]
[Date "2010.08.07"]
[Round "2"]
[White "Ross, Chris Neil"]
[Black "Schilke, Michael"]
[Result "1-0"]
[WhiteElo "2207"]
[BlackElo "1954"]
[PlyCount "105"]
[EventDate "2010.08.07"]
[EventType "swiss"]
[EventRounds "9"]
[EventCountry "GER"]
[SourceTitle "CBM 137 Extra"]
[Source "ChessBase"]
[SourceDate "2010.09.01"]
[SourceVersion "1"]
[SourceVersionDate "2010.09.01"]
[SourceQuality "1"]

1. d4 d5 2. c4 Nc6 3. Nf3 Bg4 4. cxd5 Bxf3 5. gxf3 Qxd5 6. e3 e6 7. Nc3 Qh5 8. Be2 Qh3 9. f4 Nf6 10. a3 Be7 11. Bd2 0-0 12. Bf1 Qh5 13. Qxh5 Nxh5 14. d5 exd5 15. Nxd5 Rfd8 16. Bc4 Nf6 17. Nxe7+ Nxe7 18. Ke2 Ne4 19. Be1 Nd5 20. f3 Nef6 21. Bd2 Re8 22. Kf2 Rad8 23. Rad1 Rd7 24. e4 Nb6 25. Bb3 Red8 26. Bc3 Rxd1 27. Rxd1 Rxd1 28. Bxd1 Ne8 29. a4 Nd7 30. Ke3 g6 31. a5 Ng7 32. Bd4 a6 33. Ba4 c6 34. Bb3 Kf8 35. Bc3 Ne6 36. Bc4 Ke7 37. Bb4+ c5 38. Bc3 Nc7 39. b4 cxb4 40. Bxb4+ Ke8 41. Bd6 Ne6 42. Bd5 b6 43. axb6 Nxb6 44. Bc6+ Kd8 45. Kd3 a5 46. f5 Ng5 47. Ke2 gxf5 48. exf5 f6 49. Bc5 Nc4 50. Bd5 Ne5 51. f4 Nd7 52. Bd4 Nh3 53. Kf3 1-0

[Event "Porec op"]
[Site "Porec"]
[Date "2008.12.06"]
[Round "6"]
[White "Schilke, Michael"]
[Black "Saric, Husnija"]
[Result "0-1"]
[WhiteElo "1953"]
[BlackElo "1791"]
[PlyCount "82"]
[EventDate "2008.12.04"]
[EventType "swiss"]
[EventRounds "7"]
[EventCountry "CRO"]
[SourceTitle "CBM 127 Extra"]
[Source "ChessBase"]
[SourceDate "2009.01.08"]
[SourceVersion "2"]
[SourceVersionDate "2009.01.28"]
[SourceQuality "1"]

1. d4 d5 2. c4 dxc4 3. Nf3 b6 4. e3 Bb7 5. Bxc4 e6 6. 0-0 Be7 7. Ne5 Nf6 8. Nc3 0-0 9. Qc2 Na6 10. Rd1 Nb4 11. Qe2 Nbd5 12. f3 c6 13. e4 Nxc3 14. bxc3 Qc7 15. Nd3 a5 16. a4 Ba6 17. Bxa6 Rxa6 18. Bf4 Qc8 19. Ne5 Nh5 20. Be3 Ra8 21. c4 c5 22. d5 Qc7 23. f4 Nf6 24. Bf2 exd5 25. exd5 Bd6 26. Re1 Rae8 27. Qb2 h5 28. Rab1 Ng4 29. Qxb6 Bxe5 30. fxe5 Qxb6 31. Rxb6 Nxe5 32. Bxc5 Nxc4 33. Rxe8 Rxe8 34. Ra6 Re1+ 35. Kf2 Rd1 36. d6 f6 37. Kf3 g5 38. Ke4 Kf7 39. Ra7+ Kf8 40. Kf5 Rd5+ 41. Ke6 Re5+ 0-1

[Event "Porec op"]
[Site "Porec"]
[Date "2008.12.04"]
[Round "1"]
[White "Jelecevic, Ivo"]
[Black "Schilke, Michael"]
[Result "1-0"]
[WhiteElo "2216"]
[BlackElo "1953"]
[PlyCount "62"]
[EventDate "2008.12.04"]
[EventType "swiss"]
[EventRounds "7"]
[EventCountry "CRO"]
[SourceTitle "CBM 127 Extra"]
[Source "ChessBase"]
[SourceDate "2009.01.08"]
[SourceVersion "2"]
[SourceVersionDate "2009.01.28"]
[SourceQuality "1"]

1. e4 c5 2. Nf3 e6 3. d4 cxd4 4. Nxd4 Nc6 5. Nc3 a6 6. Be3 Nge7 7. Nb3 Ng6 8. Qd2 b5 9. f4 d6 10. 0-0-0 Be7 11. g3 Bb7 12. h4 Na5 13. h5 Nf8 14. Qd4 Bf6 15. Qb4 Nxb3+ 16. axb3 Qc7 17. Bg2 Be7 18. Qd4 Rg8 19. Rhe1 Nd7 20. g4 Rc8 21. g5 Nb8 22. Re2 Nc6 23. Qd2 Qa5 24. Kb1 Nb4 25. Qd4 d5 26. exd5 Bc5 27. Qe5 Bxe3 28. Rxe3 Nxc2 29. Kxc2 b4 30. Bh3 bxc3 31. Bxe6 cxb2+ 1-0

[Event "Berlin Unicorn op"]
[Site "Berlin"]
[Date "2008.05.02"]
[Round "4"]
[White "Schilke, Michael"]
[Black "Scharrer, Patrick"]
[Result "0-1"]
[WhiteElo "1938"]
[BlackElo "2254"]
[PlyCount "116"]
[EventDate "2008.04.30"]
[EventType "swiss"]
[EventRounds "7"]
[EventCountry "GER"]
[SourceTitle "CBM 124 Extra"]
[Source "ChessBase"]
[SourceDate "2008.07.03"]
[SourceVersion "1"]
[SourceVersionDate "2008.07.03"]
[SourceQuality "1"]

1. d4 Nf6 2. Nf3 g6 3. c4 Bg7 4. Nc3 0-0 5. e4 d6 6. Be2 e5 7. 0-0 Nc6 8. Be3 Ng4 9. Bg5 f6 10. Bh4 g5 11. Bg3 Nh6 12. c5 g4 13. Ne1 Nxd4 14. cxd6 Qxd6 15. Nc2 c6 16. Nxd4 Qxd4 17. Qxd4 exd4 18. Bc4+ Kh8 19. Ne2 Re8 20. Nf4 Rxe4 21. Rfe1 Bf5 22. f3 gxf3 23. gxf3 Rxe1+ 24. Rxe1 Rd8 25. Nh5 d3 26. Bf4 Bg6 27. Nxg7 Kxg7 28. Re7+ Nf7 29. Bxf7 Bxf7 30. Bd2 Re8 31. Rd7 Re2 32. Rxd3 Bxa2 33. Rd7+ Kg6 34. Bc3 Bd5 35. Rxb7 Bxf3 36. Rxa7 Rg2+ 37. Kf1 Rxh2 38. Ra8 h5 39. Rf8 f5 40. Rg8+ Kf7 41. Rh8 Ke7 42. Rh6 Kd7 43. Kg1 Rc2 44. Be5 Re2 45. Bc3 Kc7 46. Bf6 Bg4 47. Rh7+ Kd6 48. Bc3 f4 49. Rf7 f3 50. Rf4 Kd5 51. Rd4+ Kc5 52. Rf4 Rg2+ 53. Kh1 h4 54. Bf6 h3 55. Bd4+ Kc4 56. Bg1+ Kd3 57. Rd4+ Ke2 58. Rc4 Rxg1+ 0-1

[Event "Porec op"]
[Site "Porec"]
[Date "2007.12.09"]
[Round "7"]
[White "Fattorich, Igor"]
[Black "Schilke, Michael"]
[Result "1/2-1/2"]
[WhiteElo "2055"]
[BlackElo "1923"]
[PlyCount "147"]
[EventDate "2007.12.06"]
[EventType "swiss"]
[EventRounds "7"]
[EventCountry "CRO"]
[SourceTitle "CBM 121 Extra"]
[Source "ChessBase"]
[SourceDate "2008.01.10"]
[SourceVersion "1"]
[SourceVersionDate "2008.01.10"]
[SourceQuality "1"]

1. d4 d5 2. Nf3 Nc6 3. Bf4 Bg4 4. e3 e6 5. Nbd2 Bd6 6. Bg3 Nf6 7. Be2 0-0 8. c4 Re8 9. Ne5 Bxe2 10. Qxe2 Nd7 11. Nxc6 bxc6 12. c5 Bxg3 13. hxg3 e5 14. Nf3 Qf6 15. dxe5 Nxe5 16. Nd4 Qg6 17. Kf1 a5 18. a4 Reb8 19. b3 Qd3 20. Rc1 Qa6 21. Rc3 Ng6 22. Ke1 Qxe2+ 23. Kxe2 Ne7 24. g4 f6 25. f4 Re8 26. Kf3 h6 27. Rd1 Kf7 28. f5 h5 29. gxh5 Rh8 30. g4 Rhg8 31. Kf4 Ke8 32. Rh1 Kd7 33. Rd1 Rac8 34. Rb1 Rb8 35. Rd3 Rgf8 36. Ne6 g5+ 37. Kf3 Rh8 38. Rd4 Rb7 39. Rd2 Rb4 40. Nd4 Rhb8 41. Rh1 Rh8 42. Rd3 Ng8 43. Rb1 Nh6 44. Re1 Nf7 45. Rd2 Re8 46. e4 Ne5+ 47. Kg3 Rh8 48. Re3 Rhb8 49. exd5 cxd5 50. c6+ Nxc6 51. Nxc6 Kxc6 52. Rc2+ Kd7 53. h6 Rxb3 54. Kf3 Rxe3+ 55. Kxe3 Rh8 56. Rc5 c6 57. Rxa5 Rxh6 58. Ra7+ Kd6 59. a5 Rh3+ 60. Kf2 Ra3 61. Ra8 Ke5 62. Rc8 Rxa5 63. Rxc6 Kf4 64. Rxf6 Ra2+ 65. Kg1 Kg3 66. Kf1 Kf3 67. Kg1 Kg3 68. Kf1 Kf3 69. Kg1 Kxg4 70. Rd6 Kxf5 71. Rxd5+ Kg4 72. Rd4+ Kg3 73. Rd3+ Kg4 74. Rd4+ 1/2-1/2

[Event "Porec op"]
[Site "Porec"]
[Date "2007.12.07"]
[Round "3"]
[White "Schilke, Michael"]
[Black "Prlac, Vedran"]
[Result "0-1"]
[WhiteElo "1923"]
[BlackElo "2073"]
[PlyCount "76"]
[EventDate "2007.12.06"]
[EventType "swiss"]
[EventRounds "7"]
[EventCountry "CRO"]
[SourceTitle "CBM 121 Extra"]
[Source "ChessBase"]
[SourceDate "2008.01.10"]
[SourceVersion "1"]
[SourceVersionDate "2008.01.10"]
[SourceQuality "1"]

1. d4 c5 2. d5 g6 3. c4 Bg7 4. Nf3 d6 5. Nc3 Nf6 6. e3 0-0 7. Be2 Na6 8. 0-0 Nc7 9. a4 Rb8 10. Ra3 a6 11. a5 e5 12. e4 Nd7 13. Ne1 f5 14. f4 Ne8 15. Nf3 h6 16. exf5 gxf5 17. fxe5 dxe5 18. Qe1 Nd6 19. Nh4 b5 20. Nd1 Nf6 21. Rg3 Nfe4 22. Rg6 Rf6 23. cxb5 axb5 24. Rxf6 Nxf6 25. Nf3 Nxd5 26. Nc3 Nxc3 27. Qxc3 Ne4 28. Qb3+ Kh8 29. Rd1 Qc7 30. Be3 c4 31. Rc1 Be6 32. Qa2 f4 33. Bf2 Nxf2 34. Kxf2 e4 35. Ne1 Qc5+ 36. Kf1 f3 37. Nxf3 exf3 38. Bxf3 Bd5 0-1

[Event "Berlin Unicorn op"]
[Site "Berlin"]
[Date "2007.05.17"]
[Round "2"]
[White "Schilke, Michael"]
[Black "Haemmerlein, Thomas"]
[Result "0-1"]
[WhiteElo "1929"]
[BlackElo "2204"]
[PlyCount "80"]
[EventDate "2007.05.16"]
[EventType "swiss"]
[EventRounds "7"]
[EventCountry "GER"]
[SourceTitle "CBM 118 Extra"]
[Source "ChessBase"]
[SourceDate "2007.07.04"]
[SourceVersion "1"]
[SourceVersionDate "2007.07.04"]
[SourceQuality "1"]

1. d4 g6 2. c4 Bg7 3. Nc3 f5 4. Nf3 Nf6 5. g3 d6 6. Bg2 0-0 7. 0-0 c6 8. b4 e5 9. dxe5 Ng4 10. Qb3 dxe5 11. c5+ Kh8 12. Ng5 Qe7 13. f3 Nh6 14. e4 Bf6 15. Nh3 Be6 16. Qc2 Nf7 17. Be3 Na6 18. a3 Nc7 19. Rfd1 Rad8 20. Rxd8 Qxd8 21. Kh1 Qc8 22. Ng1 Kg7 23. Bf1 Ng5 24. Rd1 h5 25. Qc1 Nf7 26. h4 Bb3 27. Rd2 Be6 28. Rh2 Rd8 29. Nh3 fxe4 30. fxe4 Bg4 31. Ng5 Rd7 32. Rd2 Bxg5 33. hxg5 Ne6 34. Be2 Bxe2 35. Nxe2 Qd8 36. Rxd7 Qxd7 37. Qc3 Qd1+ 38. Ng1 Qg4 39. Bf4 Nxf4 40. gxf4 Qxf4 0-1

[Event "Berlin Unicorn op"]
[Site "Berlin"]
[Date "2007.05.16"]
[Round "1"]
[White "Brauer, Christian E"]
[Black "Schilke, Michael"]
[Result "1/2-1/2"]
[WhiteElo "2132"]
[BlackElo "1929"]
[PlyCount "81"]
[EventDate "2007.05.16"]
[EventType "swiss"]
[EventRounds "7"]
[EventCountry "GER"]
[SourceTitle "CBM 118 Extra"]
[Source "ChessBase"]
[SourceDate "2007.07.04"]
[SourceVersion "1"]
[SourceVersionDate "2007.07.04"]
[SourceQuality "1"]

1. d4 d5 2. Nf3 Nc6 3. Bf4 Bg4 4. Nbd2 e6 5. h3 Bh5 6. e3 Bd6 7. c3 Bxf4 8. exf4 Nf6 9. Qa4 0-0 10. Bd3 Bxf3 11. Nxf3 Qd6 12. Ne5 Ne7 13. Qc2 c5 14. dxc5 Qxc5 15. Ng4 Ng6 16. Nxf6+ gxf6 17. 0-0-0 Rfd8 18. Rhe1 b5 19. f5 Nf8 20. Kb1 a5 21. Re3 e5 22. Qe2 Nd7 23. Bxb5 Rab8 24. Ba4 Nb6 25. Qh5 Nxa4 26. Qg4+ Kh8 27. Qxa4 Qb6 28. Re2 Rbc8 29. Qb3 Qc6 30. Red2 a4 31. Qb4 Rd7 32. Rd3 d4 33. Re1 Rb7 34. Qa5 dxc3 35. Rd8+ Rxd8 36. Qxd8+ Kg7 37. Re3 Rxb2+ 38. Kc1 Rb1+ 39. Kc2 Rb2+ 40. Kc1 Rb1+ 41. Kc2 1/2-1/2

[Event "Porec op"]
[Site "Porec"]
[Date "2006.12.07"]
[Round "1"]
[White "Lovric, Branko"]
[Black "Schilke, Michael"]
[Result "1-0"]
[WhiteElo "2301"]
[BlackElo "1967"]
[PlyCount "33"]
[EventDate "2006.12.07"]
[EventType "swiss"]
[EventRounds "7"]
[EventCountry "CRO"]
[SourceTitle "CBM 115 Extra"]
[Source "ChessBase"]
[SourceDate "2007.01.10"]
[SourceVersion "1"]
[SourceVersionDate "2007.01.10"]
[SourceQuality "1"]

1. b3 d5 2. Bb2 Nc6 3. Nf3 Bg4 4. e3 Nf6 5. h3 Bh5 6. Bb5 Bxf3 7. Qxf3 e6 8. g4 Ne4 9. d3 Nd6 10. Bxc6+ bxc6 11. c4 f6 12. Nc3 Be7 13. Na4 Nf7 14. Qe2 Bb4+ 15. Kd1 0-0 16. c5 Qb8 17. a3 1-0